Introduction to cities : how place and space shape human experience

Covers a wide range of theoretical approaches to the city, from the historical to the cutting edge Emphasizes the important themes of space and place Offers a balanced account of cities and offers extensive coverage including urban inequality, environment and sustainability, and methods for studying...

Πλήρης περιγραφή

Αποθηκεύτηκε σε:
Λεπτομέρειες βιβλιογραφικής εγγραφής
Κύριος συγγραφέας: Chen, Xiangming 1955-
Άλλοι συγγραφείς: Orum, Anthony M., Paulsen, Krista E.
Μορφή: Βιβλίο
Γλώσσα:English
Δημοσίευση: Hoboken, New Jersey : Wiley-Blackwell, 2013.
Θέματα:
Ετικέτες: Προσθήκη ετικέτας
Δεν υπάρχουν, Καταχωρήστε ετικέτα πρώτοι!

MARC

LEADER 00000nam a2200000 i 4500
001 1/52105
008 140731s2013####njua | 00| | eng||
020 |a 978-1-4051-5554-0  
035 |l 10118441 
040 |a GR-MY-UA  |b gre  |e aacr 
041 0 |a eng 
082 0 |a 307.76   |2 (23)  
100 1 |a Chen, Xiangming  |d 1955- 
245 1 0 |a Introduction to cities :   |b how place and space shape human experience /   |c Xiangming Chen, Anthony M. Orum, and Krista E. Paulsen.  
260 |a Hoboken, New Jersey :   |b Wiley-Blackwell,   |c 2013.  
300 |a xxv, 382 σ. :   |b εικ. ;   |c 24 εκ.  
504 |a Περιλαμβάνει βιβλιογραφικές αναφορές και ευρετήριο.  
505 0 |a "A complete introduction to the history, evolution, and future of the modern city, this book covers a wide range of theory, including the significance of space and place, to provide a balanced account of why cities are an essential part of the global human experience"-- Από τον εκδότη.  
520 |a Covers a wide range of theoretical approaches to the city, from the historical to the cutting edge Emphasizes the important themes of space and place Offers a balanced account of cities and offers extensive coverage including urban inequality, environment and sustainability, and methods for studying the city Takes a global approach, with examples from Berlin and Chicago to Shanghai and Mumbai Includes a range of pedagogical features such as a substantial glossary of key terms, critical thinking questions, suggestions for further reading and a range of innovative textboxes which follow the themes of Exploring Further, Studying the City and Making the City Better Extensively illustrated with maps, charts, tables, and over 80 photographs Accompanied by a comprehensive website (www.wiley.com/go/cities) featuring further examples and case studies, discussion and essay questions, chapter outlines and links to useful online resources and films and documentaries -- Από τον εκδότη.  
650 0 0 |a Cities and towns  |x Social aspects. 
650 0 0 |a Sociology, Urban. 
650 0 0 |a Urbanization  |x Social aspects. 
700 1 |a Orum, Anthony M. 
700 1 |a Paulsen, Krista E. 
852 |a INST  |b LESVOS  |e 20140731  |h 307.76 CHE  |p 005100054507  |q 005100054507  |t BK  |y 0 
852 |a INST  |b LESVOS  |e 20150708  |h 307.76 CHE  |p 005100057037  |q 005100057037  |t BK  |y 0 
901 |a BIBL1-2014-2 
909 |a Λ  |b 189521 
922 |a 1ΕΛΗ  |b 201406  |c Τμήμα Γεωγραφίας  |d Διαδρομές 
922 |a 1ΕΛΗ  |b 201504  |c Τμήμα Γεωγραφίας  |d Διαδρομές  
970 |a ΤΖΑΦΕΡΗ  |b ΕΥΑΓΓΕΛΙΑ  |z 2014/07/31